Statistics for New York City A-Z

Click here to take the quiz!

General Stats

  • This quiz has been taken 27,725 times
  • The average score is 17 of 25

Answer Stats

ClueAnswer% Correct
ANickname: The Big _____Apple
99%
EFormer tallest building: ______ StateEmpire
97%
IStaten or Long, e.g.Island
95%
SNYC is the city that never ______Sleeps
94%
Z9/11 attack site: Ground ____Zero
93%
WStock market's streetWall
91%
QOne of the boroughsQueens
90%
JAn airport codeJFK
89%
LType of animal that guards the libraryLion
89%
HAfrican-American neighborhoodHarlem
86%
CPlace to see a hot dog eating contest
_____ Island
Coney
84%
DStyle of the Chrysler Building: Art ____Deco
80%
VGentrified Bohemian neighborhood:
Greenwich _______
Village
77%
RPlace to ice skate: ___________ CenterRockefeller
76%
PWhat Macy's sponsors on ThanksgivingParade
71%
UGeorge Washington statue locale:
____ Square
Union
66%
NInitials for New York's finestNYPD
55%
YThey are called "The Bronx Bombers"Yankees
52%
MThe M in MSGMadison
47%
BTerm for a convenience storeBodega
41%
FWedge-shaped skyscraper:
________ Building
Flatiron
39%
O"We are the 99%" movement of 2011Occupy
38%
KBrooklyn's countyKings
37%
TBoss who ran the city in the 1800sTweed
20%
GMayor's mansionGracie
19%

Score Distribution

Percentile by Number Answered

Percent of People with Each Score

Your Score History

You have not taken this quiz